书目信息 |
| 题名: |
网络服务与网络安全管理教程
|
|
| 作者: | 郝文化 主编 ;谢荣清 , 周明 编著 | |
| 分册: | ||
| 出版信息: | 北京 机械工业出版社 2005.03 |
|
| 页数: | 216页 | |
| 开本: | 26cm | |
| 丛书名: | 从零开始当网管 | |
| 单 册: | ||
| 中图分类: | TP393.07 , TP393.08 | |
| 科图分类: | ||
| 主题词: | 计算机网络--ji suan ji wang luo--系统管理 , 计算机网络--ji suan ji wang luo--安全技术 | |
| 电子资源: | ||
| ISBN: | 7-111-15536-X | |
| 000 | 01092nam 2200337 450 | |
| 001 | CAL 012004139405 | |
| 005 | 20050610082028.48 | |
| 010 | @a7-111-15536-X@dCNY 19.00 | |
| 092 | @b0001701-278 | |
| 099 | @aCAL 012004139405 | |
| 100 | @a20041210d2005 em y0chiy0121 ea | |
| 101 | 0 | @achi |
| 102 | @aCN@b110000 | |
| 105 | @aak z 000yy | |
| 200 | 1 | @a网络服务与网络安全管理教程@Awang luo fu wu yu wang luo an quan guan li jiao cheng@f郝文化主编@Fhao wen hua zhu bian@g周明, 谢荣清等编著 |
| 210 | @a北京@c机械工业出版社@d2005.03 | |
| 215 | @a216页@c图@d26cm | |
| 225 | 2 | @a从零开始当网管@Acong ling kai shi dang wang guan |
| 410 | 0 | @12001 @a从零开始当网管 |
| 606 | 0 | @a计算机网络@Aji suan ji wang luo@x系统管理 |
| 606 | 0 | @a计算机网络@Aji suan ji wang luo@x安全技术 |
| 690 | @aTP393.07@v4 | |
| 690 | @aTP393.08@v4 | |
| 700 | 0 | @4主编 |
| 701 | 0 | @a郝文化@Ahao wen hua@4主编 |
| 702 | 0 | @a谢荣清@Axie rong qing@4编著 |
| 702 | 0 | @a周明@Azhou ming@4编著 |
| 801 | 0 | @aCN@bBUPT@c20050610 |
| 905 | @a10447@dTP393.07@eH143 | |
| 906 | @dCNY19.00@n0@r1 | |
| 998 | @aBUPT | |
| 网络服务与网络安全管理教程/郝文化主编/周明, 谢荣清等编著.-北京:机械工业出版社,2005.03 |
| 216页:图;26cm.-(从零开始当网管) |
| ISBN 7-111-15536-X:CNY 19.00 |
| ● |
| 相关链接 |
|
|
|
正题名:网络服务与网络安全管理教程
索取号:TP393.07/H143
 
预约/预借
| 序号 | 登录号 | 条形码 | 馆藏地/架位号 | 状态 | 备注 |
| 1 | 531735 | 205317352 | 自科库301/301自科库 120排2列6层/ [索取号:TP393.07/H143] | 在馆 | |
| 2 | 531736 | 205317361 | 自科库301/301自科库 120排2列6层/ [索取号:TP393.07/H143] | 在馆 | |
| 3 | 531737 | 205317370 | 自科二线404/404自科库 16排4列6层/ [索取号:TP393.07/H143] | 在馆 | |
| 4 | 531738 | 205317389 | 自科二线404/404自科库 16排4列6层/ [索取号:TP393.07/H143] | 在馆 | |
| 5 | 531739 | 205317398 | 自科二线404/404自科库 16排4列6层/ [索取号:TP393.07/H143] | 在馆 |